| 000 | 00361nam a2200145Ia 4500 | ||
|---|---|---|---|
| 008 | 150201s2005 xx 000 0 und d | ||
| 082 |
_a612 _bP2005G |
||
| 100 | _aGHAI ,C.L. | ||
| 245 | _aTEXT BOOK OF PRACTICAL PHYSIOLOGY | ||
| 250 | _a6TH | ||
| 260 |
_bJAYPEE MEDICAL PUBLISHER _aDELHI _c2005 |
||
| 300 | _a1-312 | ||
| 650 | _aPHYSIOLOGY | ||
| 942 |
_2ddc _cBK _01 |
||
| 999 |
_c3336 _d3336 |
||